00572 2200205 4500001002100000005001500021035002000036007000300056008004100059020002200100082001100122084001700133100001900150245008900169260002900258300003800287650001200325505001200337990001700349INLIS00000000000989220260416010849 a0010-0426000255ta260416 g 0 eng  a978-0-470-27541-2 a616.97 a616.97 FRE t0 aFred Pescatore1 aThe Allergy & Asthma Cure :bA Complete 8-Step Nutritional Program /cFred Pescatore aNew York :bWiley,c2003 axix, 251 hlm :bilus. ;c14x21 cm 4aAllergy ahlm.251 a202500223277